[Event "Savona Province-ch"]
[Site "Savona"]
[Date "2010.02.13"]
[Round "2"]
[White "Carzolio, Luigi"]
[Black "Rosa, Lorenzo"]
[Result "1-0"]
[WhiteElo "1965"]
[BlackElo "1446"]
[PlyCount "43"]
[EventDate "2010.02.12"]
[EventType "swiss"]
[EventRounds "5"]
[EventCountry "ITA"]
[SourceTitle "EXT 2024"]
[Source "ChessBase"]
[SourceDate "2023.10.10"]
[SourceVersion "1"]
[SourceVersionDate "2023.10.10"]
[SourceQuality "1"]

1. Nf3 d5 2. g3 Bf5 3. Bg2 e6 4. 0-0 Nd7 5. d3 Bd6 6. Nbd2 Ngf6 7. Qe1 Qe7 8. e4 dxe4 9. dxe4 Bg4 10. e5 Bc5 11. exf6 Nxf6 12. Ne5 Bf5 13. Bxb7 Rd8 14. Nc6 Qd6 15. Nxd8 Bh3 16. Nb3 Bb6 17. Bf4 Qxd8 18. Rd1 Qe7 19. c4 c6 20. Bd2 Ng4 21. Bb4 Bxf2+ 22. Rxf2 1-0

[Event "Imperia op-A 51st"]
[Site "Imperia"]
[Date "2009.09.02"]
[Round "4"]
[White "Carzolio, Luigi"]
[Black "Mercandelli, Claudio"]
[Result "0-1"]
[WhiteElo "1999"]
[BlackElo "1914"]
[PlyCount "79"]
[EventDate "2009.08.30"]
[EventType "swiss"]
[EventRounds "9"]
[EventCountry "ITA"]
[SourceTitle "EXT 2011"]
[Source "ChessBase"]
[SourceDate "2010.11.26"]
[SourceVersion "1"]
[SourceVersionDate "2010.11.26"]
[SourceQuality "1"]

1. Nf3 Nc6 2. g3 e5 3. d3 g6 4. Bg2 Bg7 5. 0-0 Nge7 6. e4 d6 7. c3 0-0 8. Ng5 f6 9. Nh3 Be6 10. f4 Qd7 11. Nf2 d5 12. Nd2 Rad8 13. Qe2 d4 14. c4 Bh6 15. Nf3 Bg7 16. Bd2 Qd6 17. a3 a5 18. b3 Ra8 19. fxe5 fxe5 20. Ng5 Bd7 21. Ng4 b6 22. Nh3 Be6 23. Ng5 Bd7 24. Ra2 Rxf1+ 25. Bxf1 Rf8 26. Bc1 Nd8 27. Nh3 Nf7 28. b4 axb4 29. axb4 Qxb4 30. Ba3 Qb1 31. Rb2 Qa1 32. Ra2 Qb1 33. Rb2 Qc1 34. Rb3 Bxg4 35. Qxg4 Qxf1+ 36. Kxf1 Nh6+ 37. Kg1 Nxg4 38. Bxe7 Rf7 39. Bg5 Bf8 40. Ra3 0-1

[Event "Imperia Corallo op-A 3rd"]
[Site "Imperia"]
[Date "2008.11.23"]
[Round "5"]
[White "Carzolio, Luigi"]
[Black "Cardona, Paolo"]
[Result "1-0"]
[WhiteElo "1937"]
[BlackElo "1880"]
[PlyCount "66"]
[EventDate "2008.11.21"]
[EventType "swiss"]
[EventRounds "5"]
[EventCountry "ITA"]
[SourceTitle "EXT 2011"]
[Source "ChessBase"]
[SourceDate "2010.11.26"]
[SourceVersion "1"]
[SourceVersionDate "2010.11.26"]
[SourceQuality "1"]

1. e4 e5 2. Nf3 Nc6 3. d4 exd4 4. Bc4 Be7 5. c3 d6 6. cxd4 Nf6 7. Nc3 0-0 8. Bb3 Na5 9. Bc2 c5 10. d5 a6 11. a4 Bg4 12. h3 Bh5 13. 0-0 Nd7 14. g4 Bg6 15. Nd2 Bf6 16. f4 Bd4+ 17. Kg2 h6 18. Nf3 Bxc3 19. bxc3 Qf6 20. Rb1 Rab8 21. f5 Bh7 22. g5 Qe7 23. gxh6 Nf6 24. hxg7 Kxg7 25. Bg5 Nc4 26. Qe1 Na3 27. Qh4 Nxc2 28. Qh6+ Kg8 29. Qxf6 Ne3+ 30. Kf2 Qxf6 31. Bxf6 Nxf1 32. Rxf1 Rfe8 33. Rg1+ Kf8 1-0

[Event "Imperia op-A 47th"]
[Site "Imperia"]
[Date "2005.08.31"]
[Round "4"]
[White "Carzolio, Luigi"]
[Black "Mercandelli, Claudio"]
[Result "0-1"]
[WhiteElo "2034"]
[BlackElo "2105"]
[PlyCount "68"]
[EventDate "2005.08.28"]
[EventType "swiss"]
[EventRounds "9"]
[EventCountry "ITA"]
[SourceTitle "EXT 2007"]
[Source "ChessBase"]
[SourceDate "2006.11.23"]
[SourceVersion "1"]
[SourceVersionDate "2006.11.23"]
[SourceQuality "1"]

1. f4 Nf6 2. Nf3 d6 3. e3 g6 4. b3 Bg7 5. Bb2 0-0 6. g3 Bg4 7. h3 Bxf3 8. Qxf3 Nc6 9. Bg2 e5 10. 0-0 Nh5 11. Nc3 f5 12. Kh2 a6 13. Qe2 e4 14. d3 d5 15. Rad1 exd3 16. Qxd3 Ne7 17. Ba3 c6 18. Ne2 Nf6 19. c4 Re8 20. Nd4 dxc4 21. Qxc4+ Ned5 22. Nxc6 bxc6 23. Qxc6 Rc8 24. Rxd5 Rxc6 25. Rxd8 Rxd8 26. Bxc6 Rd2+ 27. Kg1 Rxa2 28. Bd6 Ne4 29. Bd5+ Kh8 30. Bc7 Nxg3 31. Rd1 Ne2+ 32. Kf1 Ng3+ 33. Kg1 Ne2+ 34. Kf2 Nc3+ 0-1

[Event "Imperia op-A 47th"]
[Site "Imperia"]
[Date "2005.08.31"]
[Round "5"]
[White "Faraci, Antonino"]
[Black "Carzolio, Luigi"]
[Result "1-0"]
[WhiteElo "2067"]
[BlackElo "2034"]
[PlyCount "71"]
[EventDate "2005.08.28"]
[EventType "swiss"]
[EventRounds "9"]
[EventCountry "ITA"]
[SourceTitle "EXT 2007"]
[Source "ChessBase"]
[SourceDate "2006.11.23"]
[SourceVersion "1"]
[SourceVersionDate "2006.11.23"]
[SourceQuality "1"]

1. e4 e6 2. d4 b6 3. Nf3 Bb7 4. Bd3 c5 5. c3 Nf6 6. Nbd2 d5 7. e5 Nfd7 8. 0-0 cxd4 9. cxd4 Ba6 10. Bxa6 Nxa6 11. Qe2 Nab8 12. Nb3 a5 13. Be3 a4 14. Nc1 Qc8 15. Nd3 Qa6 16. Nfe1 Nc6 17. f4 g6 18. g4 Ne7 19. Qg2 Rc8 20. Rd1 Rc4 21. Nf3 h5 22. h3 Nb8 23. Nd2 Rc8 24. Nf3 Nbc6 25. Ng5 Na5 26. a3 Nb3 27. Nb4 Qb5 28. Rf3 Rc4 29. Qf2 hxg4 30. hxg4 Nc6 31. Nxc6 Qxc6 32. f5 Rc2 33. Qg3 gxf5 34. gxf5 Rch2 35. Rdf1 Qc4 36. Qxh2 1-0

[Event "Salsomaggiore Terme op 8th"]
[Site "Salsomaggiore Terme"]
[Date "2004.??.??"]
[Round "3"]
[White "Carzolio, Luigi"]
[Black "Marson, Luca"]
[Result "1/2-1/2"]
[WhiteElo "2035"]
[BlackElo "1865"]
[PlyCount "121"]
[EventDate "2004.05.??"]
[EventType "swiss"]
[EventRounds "6"]
[EventCountry "ITA"]
[SourceTitle "EXT 2007"]
[Source "ChessBase"]
[SourceDate "2006.11.23"]
[SourceVersion "1"]
[SourceVersionDate "2006.11.23"]
[SourceQuality "1"]

1. d4 Nf6 2. Nf3 g6 3. Nbd2 Bg7 4. e4 d6 5. Bd3 0-0 6. 0-0 c5 7. c3 Nc6 8. Re1 cxd4 9. cxd4 e5 10. dxe5 dxe5 11. Nc4 Bg4 12. Be3 Bxf3 13. gxf3 Nh5 14. Bf1 Qf6 15. Bg2 Rfd8 16. Qa4 Nd4 17. Nd2 b5 18. Qd1 Nf4 19. Bxf4 Qxf4 20. Re3 Qh6 21. Rd3 Rac8 22. Nb3 Ne6 23. Rd5 Qg5 24. Qf1 a6 25. Rad1 Nf4 26. Rxd8+ Rxd8 27. Rxd8+ Qxd8 28. Kh1 Bf8 29. Qc1 a5 30. Bf1 a4 31. Qd2 Qb6 32. Nc1 Bc5 33. Nd3 Nxd3 34. Qxd3 b4 35. Qb5 Qxb5 36. Bxb5 a3 37. bxa3 bxa3 38. Kg2 Kg7 39. Bd3 Kh6 40. Bc4 f6 41. Bg8 Kg7 42. Bc4 g5 43. Be6 h5 44. h3 h4 45. Bd5 Kf8 46. Kf1 Ke7 47. Bb3 Kd6 48. Bc4 Bd4 49. Bb3 Kc5 50. Be6 Kb4 51. Bd5 Kc3 52. Be6 Kd2 53. Bd5 Kc3 54. Be6 Kb4 55. Bd5 Kc5 56. Be6 Kd6 57. Bc4 Ke7 58. Bd5 Kf8 59. Be6 Kg7 60. Bd5 Kg6 61. Be6 1/2-1/2

[Event "Genova Ducale op"]
[Site "Genova"]
[Date "2003.09.28"]
[Round "9"]
[White "Carzolio, Luigi"]
[Black "Fossati, Remigio"]
[Result "1/2-1/2"]
[WhiteElo "2042"]
[BlackElo "2201"]
[PlyCount "80"]
[EventDate "2003.09.??"]
[EventType "swiss"]
[EventRounds "9"]
[EventCountry "ITA"]
[SourceTitle "EXT 2005"]
[Source "ChessBase"]
[SourceDate "2004.11.15"]
[SourceVersion "1"]
[SourceVersionDate "2004.11.15"]
[SourceQuality "1"]

1. b4 c5 2. bxc5 e5 3. Bb2 Nc6 4. e3 Bxc5 5. c4 Nf6 6. Nc3 d5 7. cxd5 Nxd5 8. a3 0-0 9. Bc4 Nb6 10. Ba2 Bf5 11. Na4 Nxa4 12. Qxa4 Qg5 13. Bd5 Bd7 14. Qc2 Qe7 15. Ne2 Rac8 16. Nc3 Be6 17. Bxe6 Qxe6 18. 0-0 Na5 19. Qa4 Nb3 20. Rad1 Rfd8 21. Ne4 Be7 22. Bc3 Nc5 23. Nxc5 Bxc5 24. Rb1 Bb6 25. Qb3 Qxb3 26. Rxb3 Rc4 27. Rb4 Rxb4 28. Bxb4 Rc8 29. Bc3 f6 30. Rb1 Kf7 31. Kf1 Ke6 32. Ke2 Kd5 33. a4 Kc6 34. Rc1 Kd7 35. Rb1 Rc7 36. a5 Bc5 37. g4 Kc8 38. g5 Be7 39. gxf6 gxf6 40. Rg1 Bf8 1/2-1/2

[Event "Genova Ducale op"]
[Site "Genova"]
[Date "2003.09.22"]
[Round "2"]
[White "Passerotti, Pierluigi"]
[Black "Carzolio, Luigi"]
[Result "1/2-1/2"]
[WhiteElo "2287"]
[BlackElo "2042"]
[PlyCount "74"]
[EventDate "2003.09.??"]
[EventType "swiss"]
[EventRounds "9"]
[EventCountry "ITA"]
[SourceTitle "EXT 2005"]
[Source "ChessBase"]
[SourceDate "2004.11.15"]
[SourceVersion "1"]
[SourceVersionDate "2004.11.15"]
[SourceQuality "1"]

1. d4 b5 2. Bg5 Bb7 3. e3 Nf6 4. Bxf6 gxf6 5. Qh5 a6 6. Nd2 e6 7. Ngf3 c5 8. dxc5 Qc7 9. Nb3 Bd5 10. Bd3 Nc6 11. 0-0 Ne5 12. Nxe5 Qxe5 13. Qxe5 fxe5 14. e4 Bc6 15. Rfc1 Rg8 16. g3 a5 17. c4 b4 18. a3 bxa3 19. Rxa3 a4 20. Rca1 Rd8 21. Rxa4 Bxa4 22. Rxa4 Rc8 23. Ra5 f6 24. Kf1 Be7 25. Ke2 Kf7 26. Kd2 Ra8 27. Rb5 Rgc8 28. Kc3 Ra4 29. Bc2 Ra7 30. Kb4 Rac7 31. Bd3 Ke8 32. Ra5 Rb8+ 33. Rb5 Rbc8 34. Ra5 Rb8+ 35. Kc3 Rbc8 36. Kb4 Rb8+ 37. Rb5 Rbc8 1/2-1/2

[Event "Ducale op 10th"]
[Site "Genova"]
[Date "2002.11.25"]
[Round "1"]
[White "Carzolio, Luigi"]
[Black "Georgiev, Vladimir"]
[Result "0-1"]
[WhiteElo "2026"]
[BlackElo "2501"]
[PlyCount "86"]
[EventDate "2002.11.25"]
[EventType "swiss"]
[EventRounds "9"]
[EventCountry "ITA"]
[SourceTitle "CBM 091 Extra"]
[Source "ChessBase"]
[SourceDate "2003.01.09"]
[SourceVersion "1"]
[SourceVersionDate "2003.01.09"]
[SourceQuality "1"]

1. d4 Nf6 2. Nf3 d5 3. e3 Nc6 4. c4 e6 5. a3 dxc4 6. Bxc4 Bd6 7. 0-0 0-0 8. Nc3 e5 9. dxe5 Nxe5 10. Nxe5 Bxe5 11. f4 Bxc3 12. bxc3 Bf5 13. Ra2 Qe7 14. Qb3 b6 15. Re2 Rad8 16. Ree1 Ne4 17. Rd1 c5 18. Rd5 Rxd5 19. Bxd5 Be6 20. c4 Bxd5 21. cxd5 Rc8 22. Rd1 c4 23. Qc2 b5 24. Rd4 f5 25. Qd1 Rd8 26. a4 a6 27. axb5 axb5 28. Qh5 g6 29. Qh3 Qc5 30. Rxe4 fxe4 31. Qe6+ Kf8 32. Qf6+ Ke8 33. Qh8+ Kd7 34. Qxh7+ Kc8 35. Qxg6 Rxd5 36. Qe6+ Kc7 37. Kf2 b4 38. Qxe4 c3 39. g4 b3 40. f5 b2 41. Bxb2 cxb2 42. f6 Rd2+ 43. Kf3 Qc6 0-1

[Event "Viareggio op"]
[Site "Viareggio"]
[Date "2001.02.??"]
[Round "?"]
[White "Chilingirova, Pavlina"]
[Black "Carzolio, Luigi"]
[Result "1-0"]
[WhiteElo "2235"]
[BlackElo "1820"]
[PlyCount "92"]
[EventDate "2001.02.16"]
[EventType "swiss"]
[EventRounds "7"]
[EventCountry "ITA"]
[SourceTitle "EXT 2004"]
[Source "ChessBase"]
[SourceDate "2003.11.25"]
[SourceVersion "1"]
[SourceVersionDate "2003.11.25"]
[SourceQuality "1"]

1. c4 Nc6 2. Nf3 e5 3. d3 f5 4. Nc3 Bb4 5. Bd2 Nf6 6. a3 Bxc3 7. Bxc3 d6 8. e3 0-0 9. Be2 Qe7 10. 0-0 Bd7 11. b4 Rac8 12. b5 Nd8 13. Qb3 Kh8 14. c5 Ne6 15. cxd6 cxd6 16. d4 exd4 17. Nxd4 Nc5 18. Qb4 f4 19. exf4 Nd5 20. Qc4 Nxf4 21. Bf3 Qg5 22. Kh1 Nfd3 23. Qa2 Ne5 24. Rad1 Rf6 25. Bd5 Rcf8 26. Nf3 Qh5 27. Qe2 Rh6 28. Bxe5 dxe5 29. Qxe5 Qxe5 30. Nxe5 Bxb5 31. Nf7+ Rxf7 32. Bxf7 g5 33. Rd8+ Kg7 34. Rc1 b6 35. Bc4 Bc6 36. Re1 Ne4 37. Rg8+ Kf6 38. f3 Nc5 39. Kg1 Rh4 40. Ba2 Ra4 41. Re3 Rd4 42. Rf8+ Kg7 43. Rf7+ Kg6 44. Rxa7 Rd2 45. Bf7+ Kf6 46. Bh5 Bd5 1-0

[Event "Viareggio op"]
[Site "Viareggio"]
[Date "2001.02.??"]
[Round "?"]
[White "Corvi, Marco"]
[Black "Carzolio, Luigi"]
[Result "1-0"]
[WhiteElo "2325"]
[BlackElo "1820"]
[PlyCount "59"]
[EventDate "2001.02.16"]
[EventType "swiss"]
[EventRounds "7"]
[EventCountry "ITA"]
[SourceTitle "EXT 2004"]
[Source "ChessBase"]
[SourceDate "2003.11.25"]
[SourceVersion "1"]
[SourceVersionDate "2003.11.25"]
[SourceQuality "1"]

1. c4 Nc6 2. Nc3 e5 3. Nf3 f5 4. d4 e4 5. Bg5 Be7 6. Bxe7 Qxe7 7. Nd5 Qd8 8. Nd2 Nf6 9. e3 0-0 10. Be2 d6 11. 0-0 Ne7 12. Nxf6+ Rxf6 13. f3 exf3 14. Bxf3 c6 15. Qb3 Qb6 16. Qxb6 axb6 17. e4 fxe4 18. Nxe4 Rh6 19. Rae1 Nf5 20. Ng5 Bd7 21. Bg4 Rf8 22. Rf4 Rg6 23. h4 Nxh4 24. Rxf8+ Kxf8 25. Rf1+ Ke8 26. Bh5 Kd8 27. Bxg6 hxg6 28. Rf8+ Kc7 29. Rf7 Kd8 30. Rxg7 1-0